Nathan Rulton #2 - Statistics

General Stats
  • This quiz has been taken 11 times
  • The average score is 7 of 10
Answer Stats
Hint Answer % Correct
What colour are Nathan Rultons pimples green
100%
Does Nathan Rulton Brush his teeth no
100%
Has Nathan Rulton been accused of incest Yes
100%
What is Nathan Rultons favourite flavour of shapes vegemite
88%
What liqiud replaces Nathan Rultons Blood in cryosleep coffee up and go
75%
How many grains of rice does Nathan Rulton eat in 6 months 11000
50%
How many grams of meat does Nathan Rulton eat in 6 months 14000
50%
What animal is Nathan Rulton Dog
50%
What is Nathan Rultons Fortnite username MLR8_yt
50%
Nathan Rultons first feature on the MLR8 youtube channel ps4 pro unboxing
50%
No matching quizzes found
Score Distribution
Percent of People with Each Score
Percentile by Number Answered
Your Score History
You have not taken this quiz